Animaux les plus meurtriers pour l'homme - Statistiques

Statistiques générales
  • Ce quiz a été pris 845 fois
  • Le résultat moyen est 8 sur 15
Statistiques - réponses
Rang Animal Nombre de morts par an % Correct
15 Requin 10
92%
13 Lion 100
91%
1 Moustique 725 000
89%
5 Serpent 50 000
85%
6 Chien 40 000
84%
12 Elephant 100
76%
10 Crocodile 1 000
67%
11 Hippopotame 500
67%
14 Loup 10
63%
8 Mouche tsé-tsé 9 000
45%
2 Homme 475 000
37%
9 Ténia (ver solitaire) 2 000
13%
3 Escargot d'eau douce 100 000
12%
7 Réduve (punaise) 12 000
9%
4 Ascaris (parasite intestinal) 60 000
6%
Aucun quiz correspondant
Distribution des résultats
% des personnes avec chaque résultat
Percentile par nombre de réponses
Votre historique - résultats
Vous n’avez pas pris ce quiz